000
00338pab a2200145 454500
008
180718b1983 xxu||||| |||| 00| 0 eng d
100
_a
Singh, N.K.
245
_a
Changing profile of Indian Managers
260
_c
1983
300
_a
7-13
362
_a
Nov.
650
_a
Executives - India
773
_a
Indian Management
909
_a
7907
999
_c
7907
_d
7907